ბათუმის შოთა რუსთაველის სახელმწიფო უნივერსიტეტის ბიბლიოთეკა

კავკასიური ცარცის წრე. პიესა 4 მოქმედებად. CD (ბიბ.ჩანაწერი № 54200)

000 -LEADER
fixed length control field 00556nam a2200181Ia 4500
001 - CONTROL NUMBER
control field 21256
003 - CONTROL NUMBER IDENTIFIER
control field GE_BSU
008 - FIXED-LENGTH DATA ELEMENTS--GENERAL INFORMATION
fixed length control field 181216s||||||||xx |||||||||||||| ||und||
040 ## - CATALOGING SOURCE
Transcribing agency GE_BSU
100 ## - MAIN ENTRY--PERSONAL NAME
Personal name ბრეხტი, ბერტოლდ
245 ## - TITLE STATEMENT
Title კავკასიური ცარცის წრე. პიესა 4 მოქმედებად. CD
260 ## - PUBLICATION, DISTRIBUTION, ETC.
Place of publication, distribution, etc. თბილისი
300 ## - PHYSICAL DESCRIPTION
Extent cd
653 ## - INDEX TERM--UNCONTROLLED
Uncontrolled term CD
653 ## - INDEX TERM--UNCONTROLLED
Uncontrolled term კავკასიური ცარცის წრე
942 ## - ADDED ENTRY ELEMENTS (KOHA)
Koha item type კომპიუტერის ფაილები
ეგზემპლარები
Withdrawn status Lost status Damaged status Not for loan Date acquired Barcode Date last seen Price effective from Koha item type Public note
        2018-12-17 413 cd 2018-12-17 2018-12-17 კომპიუტერის ფაილები cd